|
|
|
|
| LEADER |
03993nam a2200613 4500 |
| 001 |
978-3-540-46513-3 |
| 003 |
DE-He213 |
| 005 |
20191024202245.0 |
| 007 |
cr nn 008mamaa |
| 008 |
121227s2000 gw | s |||| 0|eng d |
| 020 |
|
|
|a 9783540465133
|9 978-3-540-46513-3
|
| 024 |
7 |
|
|a 10.1007/3-540-46513-8
|2 doi
|
| 040 |
|
|
|d GrThAP
|
| 050 |
|
4 |
|a QA76.9.D335
|
| 072 |
|
7 |
|a GPJ
|2 bicssc
|
| 072 |
|
7 |
|a COM053000
|2 bisacsh
|
| 072 |
|
7 |
|a GPJ
|2 thema
|
| 072 |
|
7 |
|a URY
|2 thema
|
| 082 |
0 |
4 |
|a 005.82
|2 23
|
| 245 |
1 |
0 |
|a Selected Areas in Cryptography
|h [electronic resource] :
|b 6th Annual International Workshop, SAC'99 Kingston, Ontario, Canada, August 9-10, 1999 Proceedings /
|c edited by Howard Heys, Carlisle Adams.
|
| 250 |
|
|
|a 1st ed. 2000.
|
| 264 |
|
1 |
|a Berlin, Heidelberg :
|b Springer Berlin Heidelberg :
|b Imprint: Springer,
|c 2000.
|
| 300 |
|
|
|a VIII, 241 p.
|b online resource.
|
| 336 |
|
|
|a text
|b txt
|2 rdacontent
|
| 337 |
|
|
|a computer
|b c
|2 rdamedia
|
| 338 |
|
|
|a online resource
|b cr
|2 rdacarrier
|
| 347 |
|
|
|a text file
|b PDF
|2 rda
|
| 490 |
1 |
|
|a Lecture Notes in Computer Science,
|x 0302-9743 ;
|v 1758
|
| 505 |
0 |
|
|a Cryptosystems and Pseudorandom Number Generators -- A Universal Encryption Standard -- Yarrow-160: Notes on the Design and Analysis of the Yarrow Cryptographic Pseudorandom Number Generator -- Elliptic Curve Pseudorandom Sequence Generators -- Security Aspects of Block Ciphers -- Adaptive-Attack Norm for Decorrelation and Super-Pseudorandomness -- Guesswork and Variation Distance as Measures of Cipher Security -- Modeling Linear Characteristics of Substitution-Permutation Networks -- Strong Linear Dependence and Unbiased Distribution of Non-propagative Vectors -- Cryptanalysis of Block Ciphers -- Security of E2 against Truncated Differential Cryptanalysis -- Key-Schedule Cryptanalysis of DEAL -- Efficient Evaluation of Security against Generalized Interpolation Attack -- Efficient Implementations of Cryptosystems -- Efficient Implementation of Cryptosystems Based on Non-maximal Imaginary Quadratic Orders -- Improving and Extending the Lim/Lee Exponentiation Algorithm -- Software Optimization of Decorrelation Module -- Cryptography for Network Applications -- Pseudonym Systems -- Unconditionally Secure Proactive Secret Sharing Scheme with Combinatorial Structures -- Protecting a Mobile Agent's Route against Collusions -- Photuris: Design Criteria.
|
| 650 |
|
0 |
|a Data encryption (Computer science).
|
| 650 |
|
0 |
|a Coding theory.
|
| 650 |
|
0 |
|a Information theory.
|
| 650 |
|
0 |
|a Computer science.
|
| 650 |
|
0 |
|a Computer communication systems.
|
| 650 |
|
0 |
|a Algorithms.
|
| 650 |
|
0 |
|a Management information systems.
|
| 650 |
1 |
4 |
|a Cryptology.
|0 http://scigraph.springernature.com/things/product-market-codes/I28020
|
| 650 |
2 |
4 |
|a Coding and Information Theory.
|0 http://scigraph.springernature.com/things/product-market-codes/I15041
|
| 650 |
2 |
4 |
|a Computer Science, general.
|0 http://scigraph.springernature.com/things/product-market-codes/I00001
|
| 650 |
2 |
4 |
|a Computer Communication Networks.
|0 http://scigraph.springernature.com/things/product-market-codes/I13022
|
| 650 |
2 |
4 |
|a Algorithm Analysis and Problem Complexity.
|0 http://scigraph.springernature.com/things/product-market-codes/I16021
|
| 650 |
2 |
4 |
|a Management of Computing and Information Systems.
|0 http://scigraph.springernature.com/things/product-market-codes/I24067
|
| 700 |
1 |
|
|a Heys, Howard.
|e editor.
|4 edt
|4 http://id.loc.gov/vocabulary/relators/edt
|
| 700 |
1 |
|
|a Adams, Carlisle.
|e editor.
|4 edt
|4 http://id.loc.gov/vocabulary/relators/edt
|
| 710 |
2 |
|
|a SpringerLink (Online service)
|
| 773 |
0 |
|
|t Springer eBooks
|
| 776 |
0 |
8 |
|i Printed edition:
|z 9783662195208
|
| 776 |
0 |
8 |
|i Printed edition:
|z 9783540671855
|
| 830 |
|
0 |
|a Lecture Notes in Computer Science,
|x 0302-9743 ;
|v 1758
|
| 856 |
4 |
0 |
|u https://doi.org/10.1007/3-540-46513-8
|z Full Text via HEAL-Link
|
| 912 |
|
|
|a ZDB-2-SCS
|
| 912 |
|
|
|a ZDB-2-LNC
|
| 912 |
|
|
|a ZDB-2-BAE
|
| 950 |
|
|
|a Computer Science (Springer-11645)
|